[Event "AUTO-INT-1929"]
[Site "http://www.queenalice.com/game.php?id=889326"]
[Date "2011.1.21"]
[Round "1"]
[White "Kic"]
[Black "JonathanSouza"]
[Result "0-1"]
[WhiteElo "1640"]
[BlackElo "1155"]

1. e4 e5 2. Nf3 Nc6 3. Bb5 a6 4. Bc4 b5 5. Bd5 Qf6 6. d4 Rb8 7. O-O exd4 8. Bg5
Qg6 9. Bd2 f5 10. Re1 h5 11. exf5+ Qe6 12. Bxe6 dxe6 13. fxe6 Nf6 0-1

[Event "AUTO-INT-1929"]
[Site "http://www.queenalice.com/game.php?id=889333"]
[Date "2011.1.21"]
[Round "1"]
[White "Tenista"]
[Black "Kic"]
[Result "1-0"]
[WhiteElo "1679"]
[BlackElo "1642"]

1. e4 c5 2. Bc4 e5 3. Qf3 Nf6 4. g4 Nc6 5. c3 d6 6. h3 Na5 7. Bb5+ Bd7 8. Be2
Ba4 9. b3 Bc6 10. b4 cxb4 11. cxb4 Bxe4 12. Qe3 Nc6 13. Bf3 Bxf3 14. Nxf3 Nxb4
15. Na3 d5 16. Nxe5 Be7 17. O-O O-O 18. Rb1 Nc6 19. Rxb7 Rb8 20. Rxb8 Qxb8 21.
Nxc6 Qc7 22. Nxe7+ Kh8 23. Nb5 Qd7 24. Nxa7 Re8 25. Nac6 d4 26. Qe5 Nd5 27. Qxd5
Qc7 28. Re1 h6 29. Ng6+ Kh7 30. Rxe8 Kxg6 31. Qf5# 1-0

[Event "AUTO-INT-1929"]
[Site "http://www.queenalice.com/game.php?id=889334"]
[Date "2011.1.21"]
[Round "1"]
[White "Kic"]
[Black "Tenista"]
[Result "0-1"]
[WhiteElo "1659"]
[BlackElo "1571"]

1. c4 e5 2. e4 Bc5 3. Nf3 Nc6 4. Bd3 Qf6 5. O-O Nd4 6. Nc3 Ne7 7. Nb5 O-O 8.
Nxc7 Rb8 9. a3 d6 10. Be2 Nxe2+ 11. Qxe2 Bg4 12. d3 a6 13. Bg5 Bxf3 14. Qxf3
Qxg5 15. b4 Bb6 16. Nd5 Nxd5 17. cxd5 Bd4 18. Rab1 b5 19. Rfe1 Rfc8 20. g3 Rc2
21. h4 Qg6 22. Qd1 Bxf2+ 23. Kf1 Rbc8 24. Re2 Qxg3 25. Rxf2 Qxf2# 0-1

[Event "AUTO-ADV-2045"]
[Site "http://www.queenalice.com/game.php?id=889486"]
[Date "2011.1.22"]
[Round "1"]
[White "DDK"]
[Black "Kic"]
[Result "1-0"]
[WhiteElo "1552"]
[BlackElo "1574"]

1. e4 g6 2. Bc4 Nf6 3. e5 Ng4 4. Qxg4 d6 5. Qf4 Be6 6. Bxe6 fxe6 7. d4 Nc6 8.
Nf3 Qd7 9. O-O O-O-O 10. Bd2 dxe5 11. Nxe5 Qxd4 12. Nf7 1-0

[Event "AUTO-ADV-2045"]
[Site "http://www.queenalice.com/game.php?id=889487"]
[Date "2011.1.22"]
[Round "1"]
[White "Kic"]
[Black "DDK"]
[Result "0-1"]
[WhiteElo "1557"]
[BlackElo "1569"]

1. Nf3 Nc6 2. d4 d5 3. Nc3 e6 4. e4 Bb4 5. Bb5 dxe4 6. Ng5 a6 7. Bc4 Nf6 8. O-O
Nxd4 9. a3 Bc5 10. b4 Be7 11. Re1 b5 0-1

[Event "AUTO-ADV-2045"]
[Site "http://www.queenalice.com/game.php?id=889500"]
[Date "2011.1.22"]
[Round "1"]
[White "volga1"]
[Black "Kic"]
[Result "1-0"]
[WhiteElo "1804"]
[BlackElo "1635"]

1. e4 e5 2. Nf3 Nc6 3. Bc4 d6 4. d4 Nf6 5. dxe5 Nxe5 6. Nxe5 dxe5 7. Bxf7+ Kxf7
8. Qxd8 g6 9. Qxc7+ Be7 10. Nc3 Bg4 11. f3 Be6 12. Nd5 Bxd5 13. exd5 Nxd5 14.
Qxb7 Rab8 15. Qxd5+ Kf8 16. Qxe5 Kf7 17. Bh6 Rhg8 18. O-O-O Bf6 19. Rd7+ Be7 20.
Qxe7# 1-0

[Event "AUTO-ADV-2045"]
[Site "http://www.queenalice.com/game.php?id=889501"]
[Date "2011.1.22"]
[Round "1"]
[White "Kic"]
[Black "volga1"]
[Result "0-1"]
[WhiteElo "1539"]
[BlackElo "1914"]

1. c4 g6 2. Nf3 Bg7 3. g3 b6 4. Bg2 Bb7 5. Nc3 d6 6. d4 Nd7 7. O-O e6 8. Bg5 Ne7
9. Re1 h6 10. Bf4 g5 11. Be3 Nf5 12. Bd2 Rb8 13. Qa4 Nxd4 14. Be3 Nxf3+ 15. exf3
O-O 16. Rad1 Nc5 17. Qc2 a6 18. Bd4 Bxd4 19. Rxd4 Nd7 20. Rdd1 Qf6 21. Ne4 Qg6
22. Qd2 Nf6 23. b3 Nxe4 24. fxe4 f6 25. a4 Rbd8 26. a5 Rf7 27. axb6 cxb6 28. Qb4
f5 29. exf5 Qxf5 0-1

[Event "AUTO-ADV-2045"]
[Site "http://www.queenalice.com/game.php?id=889508"]
[Date "2011.1.22"]
[Round "1"]
[White "yannigator"]
[Black "Kic"]
[Result "1-0"]
[WhiteElo "1655"]
[BlackElo "1516"]

1. e4 f5 2. e5 d5 3. d4 Nh6 4. Bxh6 gxh6 5. Bb5+ Bd7 6. Bxd7+ Qxd7 7. Qh5+ Kd8
8. Qf7 Nc6 9. e6 Qd6 10. Nf3 Qb4+ 11. Nbd2 h5 12. O-O Bh6 13. c3 Qd6 14. Rfe1
Rf8 15. Qxh5 Bf4 16. Qxh7 Na5 17. b3 c6 18. c4 Kc7 19. c5 Qd8 20. g3 Bxd2 21.
Nxd2 Rh8 22. Qxf5 Qf8 23. Qxf8 Raxf8 24. Re5 Rh6 25. Rae1 Rfh8 26. Nf3 Rf6 27.
Kg2 Rhf8 28. R1e3 b5 29. cxb6+ axb6 30. Rg5 Nb7 31. Rg7 Kd6 32. a4 Nd8 33. b4
Nxe6 34. Rh7 Rg8 35. h4 Rfg6 36. Ne5 Rf6 37. Nf7+ Kc7 38. Nh6 Re8 39. Ng8 Rxg8
40. Rxe7+ Kd6 41. Ra7 Rgf8 42. a5 Rxf2+ 43. Kh3 bxa5 44. bxa5 Nxd4 45. a6 Ra2
46. h5 Rh8 47. g4 Nb5 48. Rae7 Rxa6 49. R7e6+ Kc5 50. g5 Rxh5+ 51. Kg4 Rh8 52.
g6 Ra4+ 53. Kg5 Rg8 54. Rg3 Nd6 55. Rc3+ Nc4 56. Kf6 Raa8 57. Re7 Kd6 58. Re6+
1-0

[Event "AUTO-ADV-2045"]
[Site "http://www.queenalice.com/game.php?id=889509"]
[Date "2011.1.22"]
[Round "1"]
[White "Kic"]
[Black "yannigator"]
[Result "0-1"]
[WhiteElo "1506"]
[BlackElo "1665"]

1. d4 d5 2. Nf3 c5 3. Nc3 e6 4. e4 dxe4 5. Nxe4 cxd4 6. Nxd4 Nf6 7. Bg5 Be7 8.
Bxf6 Bxf6 9. Bb5+ Bd7 10. Nxf6+ Qxf6 11. Bd3 Qxd4 12. c3 Qd5 13. O-O Bc6 14. f3
O-O 15. Qc2 g6 16. c4 Qd4+ 17. Kh1 Na6 18. Rad1 Nb4 19. Qb3 Nxd3 20. Rxd3 Qf6
21. Qc2 Rad8 22. Rxd8 Rxd8 23. b4 a6 24. b5 axb5 25. cxb5 Bxb5 26. Rb1 Bc6 27.
h3 Rc8 28. a4 Qxf3 29. a5 Qa3 30. Qd2 Qg3 31. Rd1 Qxh3+ 32. Kg1 Qg3 33. Rc1 Qa3
34. Rf1 Qc5+ 35. Kh1 Ra8 36. Rd1 Rxa5 37. Qb2 Qe5 38. Qd2 Rd5 39. Qc2 Rxd1+ 40.
Qxd1 Bxg2+ 41. Kg1 Bc6 42. Qd8+ Kg7 43. Qd2 Qc5+ 44. Kf1 Qf5+ 45. Ke1 Qe4+ 46.
Kd1 Qd5 47. Kc1 Qxd2+ 48. Kxd2 h5 49. Ke3 h4 50. Kf2 g5 51. Kg1 g4 52. Kh2 f5
53. Kg1 g3 54. Kf1 h3 55. Kg1 h2+ 56. Kf1 h1=Q+ 57. Ke2 Qf3+ 0-1

[Event "AUTO-OPEN-2237"]
[Site "http://www.queenalice.com/game.php?id=889636"]
[Date "2011.1.22"]
[Round "1"]
[White "Savage_king"]
[Black "Kic"]
[Result "1-0"]
[WhiteElo "2067"]
[BlackElo "1541"]

1. e4 c5 2. d4 d5 3. dxc5 e5 4. b4 dxe4 5. Qxd8+ Kxd8 6. Bc4 a5 7. c3 Nc6 8. b5
Nb8 9. Bxf7 Nf6 10. Ba3 Nbd7 11. Ne2 Nxc5 12. Bxc5 Bxc5 13. Ng3 Ng4 14. O-O 1-0

[Event "AUTO-OPEN-2237"]
[Site "http://www.queenalice.com/game.php?id=889637"]
[Date "2011.1.22"]
[Round "1"]
[White "Kic"]
[Black "Cassiox"]
[Result "0-1"]
[WhiteElo "1580"]
[BlackElo "1824"]

1. d4 Nf6 2. Nc3 e6 3. Nf3 d5 4. Bg5 c6 5. e4 Be7 6. exd5 cxd5 7. Bb5+ Bd7 8.
O-O O-O 9. Re1 a6 10. Bd3 Nc6 11. Ne5 Nxe5 12. Rxe5 Qb6 13. Re1 Qxb2 14. Ne2 Qb6
15. Rb1 Qc7 16. Ng3 Rfe8 17. Nh5 Nxh5 18. Qxh5 g6 19. Qh6 Bxg5 20. Qxg5 b5 21.
Bf1 Qa5 22. g3 Qxa2 23. c3 Qa3 24. Rec1 Rac8 25. Ra1 Qb2 26. Rab1 Qa2 27. Ra1
Qb3 28. Rxa6 Rxc3 29. Re1 Qb4 30. Raa1 Qxd4 31. Bg2 Rc2 0-1

[Event "AUTO-OPEN-2237"]
[Site "http://www.queenalice.com/game.php?id=889638"]
[Date "2011.1.22"]
[Round "1"]
[White "Cassiox"]
[Black "Kic"]
[Result "1-0"]
[WhiteElo "1817"]
[BlackElo "1649"]

1. e4 d5 2. exd5 Qxd5 3. Nc3 Qd8 4. Nf3 Nc6 5. Bc4 Nf6 6. d3 e5 7. O-O Bg4 8. h3
Bf5 9. Ng5 Nd4 10. Nxf7 Qe7 11. Nxh8 g6 12. a4 Bg7 13. Nf7 Be6 14. Ng5 Bxc4 15.
dxc4 O-O-O 16. Nd5 Nxd5 17. cxd5 Rxd5 18. c3 Nf3+ 19. Qxf3 Rd8 20. Be3 a6 21.
Qg4+ Kb8 22. Ne6 h5 23. Qxg6 Bh8 24. Nxd8 Qxd8 25. Rad1 Qf8 26. Qxh5 e4 27. Rd7
Bf6 28. Rfd1 b6 29. Qf7 Qh8 30. Bd4 Bxd4 31. R1xd4 e3 32. Rxc7 e2 33. Rb7+ 1-0

[Event "AUTO-OPEN-2237"]
[Site "http://www.queenalice.com/game.php?id=889639"]
[Date "2011.1.22"]
[Round "1"]
[White "Kic"]
[Black "ijro"]
[Result "1-0"]
[WhiteElo "1631"]
[BlackElo "1021"]

1. Nf3 Nh6 2. g3 g6 3. Bg2 Ng4 4. O-O Nxh2 5. Kxh2 Bh6 6. Nc3 Nc6 7. d4 Nb4 8.
Bxh6 d6 9. a3 Nd5 10. Nxd5 f6 11. Re1 g5 12. Qd3 Rf8 13. Bxf8 Kxf8 14. Qxh7 Qe8
15. Nxc7 Qd8 16. Nxa8 Qd7 17. c4 Qe6 18. Nc7 Qg8 19. Qxg8+ Kxg8 20. Rac1 g4 21.
Nh4 Bf5 22. Nxf5 d5 23. cxd5 b5 24. Nxb5 Kf8 25. d6 exd6 26. Rc7 Ke8 27. Rec1 d5
28. Rxa7 Kd8 29. Rcc7 Ke8 30. Ra8# 1-0

[Event "AUTO-OPEN-2237"]
[Site "http://www.queenalice.com/game.php?id=889640"]
[Date "2011.1.22"]
[Round "1"]
[White "ijro"]
[Black "Kic"]
[Result "0-1"]
[WhiteElo "1032"]
[BlackElo "1621"]

1. d3 Nf6 2. Bg5 g6 3. Qd2 Nc6 4. Bh6 Nd4 5. Nc3 d5 6. e3 Nf5 7. d4 Bxh6 8. g3
O-O 9. g4 Nh4 10. Qe2 Bxg4 11. Qd2 Nf3+ 12. Nxf3 Bxf3 13. Nb5 Bxh1 14. Qd3 Be4
15. Qb3 a5 16. Qa3 c6 17. Nc3 Bxc2 18. Rc1 Bf5 19. Bg2 Re8 20. b4 axb4 21. Qxb4
Ng4 22. Bf1 Nxh2 23. Bg2 e5 24. dxe5 Rxe5 25. Qxb7 d4 26. Kd1 dxc3+ 27. Ke1 Qd2#
0-1

[Event "AUTO-INT-1930"]
[Site "http://www.queenalice.com/game.php?id=889802"]
[Date "2011.1.22"]
[Round "1"]
[White "Nascimento"]
[Black "Kic"]
[Result "0-1"]
[WhiteElo "1353"]
[BlackElo "1626"]

1. e4 c5 2. e5 Nc6 3. Nf3 d5 4. exd6 Qxd6 5. Bc4 Ne5 6. Nxe5 Qxe5+ 7. Qe2 Qxe2+
8. Kxe2 e5 9. d3 Nf6 10. Re1 Ng4 11. h3 Nf6 12. Kf1 Bd6 13. Bg5 Nd7 14. f4 O-O
15. g3 exf4 16. Bxf4 Bxf4 17. gxf4 Nf6 18. Re7 Bxh3+ 19. Kf2 a6 20. Rxb7 Be6 21.
Nd2 Ng4+ 22. Kf3 Nf6 23. Ne4 Nxe4 24. Kxe4 Rfe8 25. f5 Bxc4+ 26. Kf4 Bd5 27. c4
Bxb7 28. a4 Rad8 29. Rb1 Rxd3 30. Rg1 Rd4+ 31. Kg5 Re5 32. Rh1 h6+ 0-1

[Event "AUTO-INT-1930"]
[Site "http://www.queenalice.com/game.php?id=889803"]
[Date "2011.1.22"]
[Round "1"]
[White "Kic"]
[Black "Nascimento"]
[Result "1-0"]
[WhiteElo "1648"]
[BlackElo "1342"]

1. c4 e5 2. e4 Nf6 3. Nf3 Ng4 4. Be2 Bc5 5. d4 exd4 6. Nxd4 Qh4 7. g3 Qe7 8. O-O
d6 9. Re1 O-O 10. a3 Nd7 11. Bxg4 Ne5 12. Be2 Ng4 13. b4 Bxd4 14. Qxd4 b6 15.
Bf3 c5 16. bxc5 bxc5 17. Qd1 h5 18. h4 Nf6 19. Bg5 g6 20. e5 dxe5 21. Bxa8 Bh3
22. Bf3 Rd8 23. Qa4 e4 24. Bxe4 Rd4 25. Nd2 Rxd2 26. Bxd2 Nxe4 27. Bg5 Qb7 28.
Qe8+ Kg7 29. Qxe4 Qb3 30. Qe5+ Kh7 31. Qf6 Qxc4 32. Rac1 Qd5 33. f3 a5 34. Rcd1
Qa2 35. Bd2 Qxa3 36. Qxf7+ 1-0

[Event "AUTO-INT-1930"]
[Site "http://www.queenalice.com/game.php?id=889818"]
[Date "2011.1.22"]
[Round "1"]
[White "Kic"]
[Black "malouco"]
[Result "1-0"]
[WhiteElo "1626"]
[BlackElo "1615"]

1. d4 d5 2. Nc3 e6 3. e4 Bb4 4. exd5 exd5 5. a3 Bxc3+ 6. bxc3 Nf6 7. Bg5 O-O 8.
Be2 Qd6 9. Nf3 Bg4 10. Rb1 Qxa3 11. O-O Bxf3 12. Bxf3 Qxc3 13. Rxb7 Ne4 14. Bxe4
dxe4 15. Bf4 Na6 16. Rb3 Qc6 17. Re1 Rab8 18. Rbe3 Rfe8 19. Qg4 Qxc2 20. Bh6 g6
21. Qg5 c5 22. Qf6 Qxf2+ 23. Qxf2 cxd4 24. Qf6 dxe3 25. Qg7# 1-0

[Event "AUTO-INT-1930"]
[Site "http://www.queenalice.com/game.php?id=889819"]
[Date "2011.1.22"]
[Round "1"]
[White "malouco"]
[Black "Kic"]
[Result "0-1"]
[WhiteElo "1527"]
[BlackElo "1652"]

1. d4 Nf6 2. Nc3 Nc6 3. e4 e5 4. d5 Nd4 5. Bg5 Bb4 6. Bxf6 Qxf6 7. Nf3 Nxf3+ 8.
Qxf3 Qb6 9. O-O-O d6 10. Na4 Qa5 11. b3 Ba3+ 12. Kb1 Bd7 13. Rd3 Bxa4 14. bxa4
Qb4+ 15. Ka1 Qb2# 0-1